01093nam a2200193Ia 4500001001000000003001000010008004100020040002500061041001300086100002100099245002400120250001100144260006000155300001200215500026200227501011400489520026200603650003400865L235-8335IT-CnALBA170116s9999||||xx |||||||||||||| ||und|| aIT-CnALBAcIT-CnALBA aITALIANO aBARGELLINI PIERO 0aSANTI COME UOMINI.  a2a ed. a FIRENZEbVALLECCHI A. - EDITORE c1957 [1° Ed.: n.d.] a422 p.  aGIOVANNI BATTISTA. PIETRO APOSTOLO. AGOSTINO. BENEDETTO. BERNARDO. FRANCESCO. DOMENICO. TOMMASO D'AQUINO. BONAVENTURA. BERNARDINO DA SIENA. ANTONINO. IGNAZIO DI LOJOLA. CAMILLO DE LELLIS. VINCENZO DÈ PAOLI. LEONARDO DA PORTOMAURIZIO. GIOVANNI BOSCO. PIO X aSocietà San Paolo EM - Piazza San Paolo, 14 - 12051 ALBA (CN) (non commercial uses only) ® Copyright 2017 aGIOVANNI BATTISTA. PIETRO APOSTOLO. AGOSTINO. BENEDETTO. BERNARDO. FRANCESCO. DOMENICO. TOMMASO D'AQUINO. BONAVENTURA. BERNARDINO DA SIENA. ANTONINO. IGNAZIO DI LOJOLA. CAMILLO DE LELLIS. VINCENZO DÈ PAOLI. LEONARDO DA PORTOMAURIZIO. GIOVANNI BOSCO. PIO X aMARIA SS. ANGELI SANTI DEMONI